عرض عادي
عرض مارك
- العمل والعمال
مدخل مصطلح موضوعي
001 - رقم الضبط
- حقل الضبط: 15541
003 - معرف رقم الضبط
- حقل الضبط: OSt
005 - تاريخ ووقت أخر عملية
- حقل الضبط: 20120606100100.0
008 - عناصر بيانات ثابتة الطول
- حقل تحكم ثابت الطول: 120606|||a|||||| | ||| d
040 ## - مصدر الفهرسة
- هيئة الفهرسة الأصلية: OSt
- وكالة الكتابة: OSt
150 ## - مدخل-- مصطلح تاريخي
- عنصر مدخل المصطلح الموضوعي او الاسم الجغرافي: العمل والعمال
- تفريع عام: قوانين وتشريعات
- تفريع جغرافي: لبنان
670 ## - بيانات المصدر موجوده
- الاستشهاد بالمصدر: Work cat.: (OSt): دعاوى الصرف التعسفي من العمل ونسخ عقد العمل :, 2012
